Feminism/ postmodernism (Record no. 1389328)

MARC details
000 -LEADER
fixed length control field 00544nam a2200205Ia 4500
005 - DATE AND TIME OF LATEST TRANSACTION
control field 20250508164457.0
008 - FIXED-LENGTH DATA ELEMENTS--GENERAL INFORMATION
fixed length control field 008 250505s9999 xx 000 0 eng d
037 ## - SOURCE OF ACQUISITION
Stock number Textual
040 ## - CATALOGING SOURCE
Original cataloging agency FEDL
Language of cataloging eng
Transcribing agency FEDL
041 ## - LANGUAGE CODE
Language code of text/sound track or separate title eng
Source of code eng
084 ## - COLON CLASSIFICATION NUMBER
Classification number 305.4201, NIC
Assigning agency FEDL
100 ## - MAIN ENTRY--PERSONAL NAME
Personal name Nicholson Linda J Ed.
245 #0 - TITLE STATEMENT
Title Feminism/ postmodernism
260 ## - PUBLICATION, DISTRIBUTION, ETC.
Place of publication, distribution, etc. New York, USA
Name of publisher, distributor, etc. Routledge
Date of publication, distribution, etc. 1990
300 ## - PHYSICAL DESCRIPTION
Extent ix,348p.
365 ## - TRADE PRICE
Price type code GBP
Price amount 11.99
650 ## - SUBJECT ADDED ENTRY--TOPICAL TERM
Topical term or geographic name entry element Women
942 ## - ADDED ENTRY ELEMENTS (KOHA)
Koha item type Textual
Classification part 305.4201, NIC
Holdings
Withdrawn status Lost status Damaged status Not for loan Home library Current library Date acquired Cost, normal purchase price Total Checkouts Full call number Barcode Date last seen Price effective from Koha item type
        Department of Education Library Department of Education Library 2025-05-08 11.99   305.4201, NIC EL0082953 2025-05-08 2025-05-08 Textual
Copyright @ Delhi University Library System